Az egyetemi előadások kezdete [rövid hír]
Elmentve itt :
| Dokumentumtípus: | Cikk |
|---|---|
| Megjelent: |
1921-08-30
|
| Sorozat: | Délmagyarország
2 No. 198 |
| Kulcsszavak: | Egyetemi előadások kezdete, 1921, Egyetemtörténet |
| Online Access: | http://dmarchiv.bibl.u-szeged.hu/30577 |
| LEADER | 00457nab a2200145 i 4500 | ||
|---|---|---|---|
| 001 | delm30577 | ||
| 005 | 20180926105501.0 | ||
| 008 | 180926s1921 hu o 0|| hun d | ||
| 040 | |a SZTE Délmagyarország Archívum |b hun | ||
| 041 | |a hun | ||
| 245 | 0 | 3 | |a Az egyetemi előadások kezdete |h [elektronikus dokumentum] : |b [rövid hír] |
| 260 | |c 1921-08-30 | ||
| 300 | |a 3 | ||
| 490 | 0 | |a Délmagyarország |v 2 No. 198 | |
| 695 | |a Egyetemi előadások kezdete, 1921, Egyetemtörténet | ||